| 000 | 00388nam a22001577a 4500 | ||
|---|---|---|---|
| 999 |
_c7683 _d7683 |
||
| 003 | GBCCL | ||
| 005 | 20241126110633.0 | ||
| 008 | 180911b ||||| |||| 00| 0 eng d | ||
| 040 | _cgbc | ||
| 082 |
_aVER 234.2 _bVUN |
||
| 100 |
_aVungsuanthang, G _913528 |
||
| 245 | _aKum sangbi thak halhthakna suangphum | ||
| 260 |
_c2006. _aBungmual: _bAuthor, |
||
| 300 | _a100p. ; | ||
| 942 |
_2ddc _cBK |
||